|
|
|
|
| LEADER |
00935cam a2200229 7i4500 |
| 001 |
0000024655 |
| 005 |
20170218090000.0 |
| 008 |
081021 eng |
| 020 |
|
|
|a 9789812454713
|
| 040 |
|
|
|a OHIO
|
| 090 |
0 |
0 |
|a PN1995.9.C65
|b S65 2007
|
| 100 |
1 |
|
|a Solana, Gemma
|
| 245 |
1 |
0 |
|a Uncredited :
|b graphic design & opening titles in movies
|c Gemma Solana, Antonio Boneu.
|
| 260 |
|
|
|a Singapore:
|b Page one Pub.,
|c 2007.
|
| 300 |
|
|
|a 309 p.:
|b ill., col.;
|c 30 cm.
|
| 501 |
|
|
|a With CD-ROM: Uncredited: graphic design & opening titles in movies/ Gemma Solana, Antonio Boneu.-- Singapore: Page one Pub., 2007
|
| 650 |
0 |
0 |
|a Graphic arts
|
| 650 |
0 |
0 |
|a Motion pictures --
|x Titling
|
| 650 |
0 |
0 |
|a Credit titles (Motion pictures, television, etc.)
|
| 700 |
1 |
|
|a Boneu, Antonio
|
| 997 |
|
|
|a Communication, Visual Art & Computing, Faculty
|b Visual Art, Department
|
| 999 |
|
|
|a 0000024944
|b BOK
|c OPEN SHELF
|e 1st Floor, Bestari Jaya
|